000
00292nam a2200121Ia 4500
005
20251222143128.0
008
251222s9999||||xx |||||||||||||| ||spa||
082
_a
616.904/C71
100
_a
Cluff, Leighton E.
245
0
_a
Enfermedades Infecciosas
264
_b
Interamericana
942
_c
LIB
999
_c
11821
_d
11821